| 000 | 00575cam a2200193 a 4500 | ||
|---|---|---|---|
| 020 | _a9780470395356 | ||
| 040 |
_aDLC _cDLC _dDLC |
||
| 082 | 0 | 0 |
_a005.80973 _222 |
| 100 | 1 | _aSchneier, Bruce, | |
| 245 | 1 | 0 |
_aSchneier on security _cBruce Schneier. |
| 260 |
_aIndianapolis, Ind. : _bWiley Pub., _c2008. |
||
| 300 |
_aviii, 328 p. ; _c24 cm. |
||
| 504 | _aIncludes bibliographical references (p. [267]-314) and index. | ||
| 650 | 0 | _aComputer security | |
| 650 | 0 |
_aComputer networks _xSecurity measures |
|
| 650 | 0 | _aPrivacy, Right of | |
| 650 | 0 | _aTerrorism | |
| 942 |
_2ddc _cBK |
||
| 999 |
_c11426 _d11426 |
||